000 00637nam a2200193 i 4500
001 63480
003 ES-MaACL
005 20230906164900.0
007 t|
008 031210s1970 sp ||||1| spa d
100 1 _aFerrer Pi, Santiago.
_950493
245 1 0 _aOsteomielitis aguda hematógena en la infancia /
_cpor Santiago Ferrer Pi, Damián Pedrola Guixe, Mª Luisa Roldán Valentín.
250 _a[1ª ed.].
260 _aBarcelona :
_bEspaxs,
_c1970.
300 _a151 p. :
_bil. ;
_c23 cm.
700 1 _aPedrola Guixe, Damián.
_989936
700 1 _aRoldán Valentín, Mª Luisa.
_999154
852 _aES-MaACL
_jC-44541
_bR.76096
999 _c63480
_d63480